Challenges and choices in U.S. trade policy. (Record no. 90105)
[ view plain ]
| 000 -LEADER | |
|---|---|
| fixed length control field | 01284cam a22002771 4500 |
| 001 - CONTROL NUMBER | |
| control field | sd 66000003 |
| 003 - CONTROL NUMBER IDENTIFIER | |
| control field | DLC |
| 005 - DATE AND TIME OF LATEST TRANSACTION | |
| control field | 20260227112737.0 |
| 008 - FIXED-LENGTH DATA ELEMENTS--GENERAL INFORMATION | |
| fixed length control field | 920420s1966 dcu f000 0 eng c |
| 010 ## - LIBRARY OF CONGRESS CONTROL NUMBER | |
| LC control number | sd 66000003 |
| 035 ## - SYSTEM CONTROL NUMBER | |
| System control number | (OCoLC)25678467 |
| 040 ## - CATALOGING SOURCE | |
| Original cataloging agency | U.S. Dept. of State. Library |
| Transcribing agency | DS |
| Modifying agency | DS |
| -- | DLC |
| 050 00 - LIBRARY OF CONGRESS CALL NUMBER | |
| Classification number | HF1456 1966 |
| Item number | .S6 |
| 100 1# - MAIN ENTRY--PERSONAL NAME | |
| Personal name | Solomon, Anthony M. |
| 245 10 - TITLE STATEMENT | |
| Title | Challenges and choices in U.S. trade policy. |
| 260 ## - PUBLICATION, DISTRIBUTION, ETC. | |
| Place of publication, distribution, etc. | [Washington] |
| Name of publisher, distributor, etc. | Dept. of State [Office of Media Services, Bureau of Public Affairs; for sale by the Superintendent of Documents, U.S. Govt. Print. Off., |
| Date of publication, distribution, etc. | 1966] |
| 300 ## - PHYSICAL DESCRIPTION | |
| Extent | 14 p. |
| Dimensions | 26 cm. |
| 490 1# - SERIES STATEMENT | |
| Series statement | [U.S.] Dept. of State. Publication |
| Volume/sequential designation | 8002 |
| 490 1# - SERIES STATEMENT | |
| Series statement | General foreign policy series, |
| Volume/sequential designation | 209 |
| 500 ## - GENERAL NOTE | |
| General note | Two addresses: "Challenges facing United States trade policy" reprinted with minor editorial change from the Department of State Bulletin of November 15, 1965 and "East-West trade" from the Bulletin of November 8, 1965. |
| 651 #0 - SUBJECT ADDED ENTRY--GEOGRAPHIC NAME | |
| Geographic name | United States |
| General subdivision | Commercial policy. |
| 650 #0 - SUBJECT ADDED ENTRY--TOPICAL TERM | |
| Topical term or geographic name entry element | East-West trade. |
| 710 1# - ADDED ENTRY--CORPORATE NAME | |
| Corporate name or jurisdiction name as entry element | United States. |
| Subordinate unit | Department of State. |
| -- | Office of Media Services. |
| 830 #0 - SERIES ADDED ENTRY--UNIFORM TITLE | |
| Uniform title | Department of State publication ; |
| Volume/sequential designation | 8002. |
| 830 #0 - SERIES ADDED ENTRY--UNIFORM TITLE | |
| Uniform title | Department of State publication. |
| Name of part/section of a work | General foreign policy series ; |
| Volume/sequential designation | 209. |
No items available.